00692nam a2200217 i 4500003000900000005001700009007000300026008004100029020001800070040003000088041000800118082001700126100003800143245005400181264005600235300002800291336002700319337003500346338003000381500006300411DO-SdBNP20250421121351.0ta250421b2024 dr ||||| |||| 00| 0 spa d a9798326012913 aDO-SdBNPbspacBNPHUerda aspa 4axxxbxxx2221 aDe Moya, Juan Carlos4aut.eautor10aHistorias en Montebelleza /cJuan Carlos De Moya. 4aOrlando, FL. :b[editor no identificado] ;c©2024. a87 páginas ;c22 cm.  atextobtxt2rdacontent asin mediación bn2rdamedia  avolumen bnc2rdacarrier  aIncluye datos biográficos del autor en la contracubierta